|
|
|
|
| LEADER |
006620000a22002050004500 |
| 020 |
|
|
|a 81-88087-35-1
|
| 040 |
|
|
|a MAL
|
| 082 |
|
|
|a A4 PAI/P P5
|
| 100 |
|
|
|a Pailo Paul; Author
|
| 100 |
|
|
|a Paul Manalil; Editor
|
| 245 |
|
|
|a Pailo Paulinte theranhedutha rachanakal
|
| 250 |
|
|
|
| 260 |
|
|
|a Thiruvananthapuram, Department of Cultural Publications (Kerala) Ke
|
| 260 |
|
|
|c 2005
|
| 460 |
|
|
|a 333p
|
| 465 |
|
|
|a Rs.170.00
|
| 500 |
|
|
|a Pailo Paul; ed by Paul Manalil
|
| 650 |
|
|
|a Malayalam essays
|
| 999 |
|
|
|c 46239
|d 46239
|
| 952 |
|
|
|0 0
|1 0
|4 0
|6 A_000000000000000_4_PAIP_P5
|7 0
|8 MAL
|9 46965
|a MGUL
|b MGUL
|d 2013-07-16
|e Rs.170.00
|l 0
|o A4 PAI/P P5
|p 44541
|r 2013-07-16
|w 2013-07-16
|y BK
|